Sourcebook of ATM and IP Internetworking /

Đã lưu trong:
Chi tiết về thư mục
Tác giả chính: Ahmad, Khalid (autor)
Định dạng: Sách
Ngôn ngữ:Tiếng Anh
Được phát hành: Nueva York, EUA : IEEE : Wiley, 2002, c2002
Loạt:(Network Management)
Những chủ đề:
Các nhãn: Thêm thẻ
Không có thẻ, Là người đầu tiên thẻ bản ghi này!

MARC

LEADER 00000nam^a2200000^a^4500
001 000141586
005 20250521000000.0
009 20260310095618.783
020 |a 0-471-20815-9 
037 |a Acervo ITESO - Biblioteca 
041 |a ING 
082 |a 621. 398  |b AHM 
100 |a Ahmad, Khalid  |e (autor) 
245 1 0 |a Sourcebook of ATM and IP Internetworking /  |c K. Ahmad. 
264 4 |a Nueva York, EUA :  |b IEEE :  |b Wiley,  |c 2002, c2002 
300 |a XIII 470 p. 
336 |a texto  |b txt  |2 rdacontenido 
337 |a sin mediación  |b n  |2 rdamedio 
338 |a volumen  |b nc  |2 rdasoporte 
440 1 |a (Network Management) 
649 |a XX 
650 |a Protocolos de Comunicación -  |x Administración 
650 |a Comunicación en Red 
650 |a Redes de Computadoras -  |x Diseño y Construcción 
650 |a Redes de Computadoras -  |x Administración 
650 |a Telecomunicaciones 
650 |a Ingeniería Computacional 
910 |a Fondo General 
920 |a Impresos - Libros 
930 |a Colección General 
905 |a 101 
901 |a 0500070293  |b IT1  |c ACC  |u 20250521 
902 |a https://opac.biblio.iteso.mx/vufind/Record/000141586